LIBRARY & INFORMATION CENTRE, KCAET, TAVANUR

ONLINE PUBLIC ACCESS CATALOGUE (OPAC)

Physical chemistry (Record no. 1605)

MARC details
000 -LEADER
fixed length control field 00567cam a2200253ua 4500
041 ## - LANGUAGE CODE
Language code of text/sound track or separate title eng
082 ## - DEWEY DECIMAL CLASSIFICATION NUMBER
Classification number 541.3
Item number BAR/PH
100 ## - MAIN ENTRY--AUTHOR NAME
Personal name Barrow, Gordomm .
245 ## - TITLE STATEMENT
Title Physical chemistry
250 ## - EDITION STATEMENT
Edition statement 1 /
260 ## - PUBLICATION, DISTRIBUTION, ETC. (IMPRINT)
Place of publication New York :
Name of publisher Mc Graw Hill Book Company ,
Year of publication 1789.
300 ## - PHYSICAL DESCRIPTION
Number of Pages 832 ; .
942 ## - ADDED ENTRY ELEMENTS (KOHA)
Koha item type Books
Holdings
Withdrawn status Lost status Damaged status Home library Current library Date acquired Full call number Accession Number Koha item type
      KAUAET KAUAET 02/10/1986 541.3 BAR/PH 14818 Books
      KAUAET KAUAET 02/10/1986 541.3 BAR/PH 14819 Books
      KAUAET KAUAET 02/10/1986 541.3 BAR/PH 14825 Books
Withdrawn     KAUAET KAUAET 02/10/1986 541.3 BAR/PH 14820 Books
      KAUAET KAUAET 02/10/1986 541.3 BAR/PH 14821 Books
      KAUAET KAUAET 02/10/1986 541.3 BAR/PH 14823 Books
      KAUAET KAUAET 02/10/1986 541.3 BAR/PH 14822 Books
free website counter